[Event "TUR-chT Clubs"]
[Site "Konya"]
[Date "2019.07.19"]
[Round "6.8"]
[White "Efendioglu, Ahmet"]
[Black "Akin, Batikan Aybey"]
[Result "1/2-1/2"]
[WhiteElo "1511"]
[BlackElo "1610"]
[PlyCount "61"]
[EventDate "2019.07.16"]
[EventType "team-swiss"]
[EventRounds "9"]
[EventCountry "TUR"]
[SourceTitle "CBM 191 Extra"]
[Source "ChessBase"]
[SourceDate "2019.09.30"]
[SourceVersion "1"]
[SourceVersionDate "2019.09.30"]
[SourceQuality "1"]
[WhiteTeam "Kalite Dernegi"]
[BlackTeam "Mugla Mentese Merkez"]
[WhiteTeamCountry "TUR"]
[BlackTeamCountry "TUR"]

1. d4 b5 2. Bf4 Bb7 3. Nf3 e6 4. e3 a6 5. Bd3 c5 6. c3 Nf6 7. Nbd2 d5 8. 0-0 c4 9. Bc2 Bd6 10. Bxd6 Qxd6 11. Qe2 Ne4 12. Nxe4 dxe4 13. Nd2 f5 14. b3 cxb3 15. axb3 Nd7 16. c4 Bc6 17. f4 exf3 18. Nxf3 Nf6 19. cxb5 Bxf3 20. gxf3 a5 21. Qd2 0-0 22. Rxa5 Rxa5 23. Qxa5 f4 24. Qd2 Nd5 25. exf4 Nxf4 26. Be4 Rb8 27. Rd1 Rxb5 28. Kh1 g6 29. Qc2 Kg7 30. Qc4 Rb4 31. Qc5 1/2-1/2

[Event "TUR-chT Clubs"]
[Site "Konya"]
[Date "2019.07.17"]
[Round "3.10"]
[White "Efendioglu, Ahmet"]
[Black "Kaynak, Deniz Can"]
[Result "1-0"]
[WhiteElo "1511"]
[BlackElo "1488"]
[PlyCount "79"]
[EventDate "2019.07.16"]
[EventType "team-swiss"]
[EventRounds "9"]
[EventCountry "TUR"]
[SourceTitle "CBM 191 Extra"]
[Source "ChessBase"]
[SourceDate "2019.09.30"]
[SourceVersion "1"]
[SourceVersionDate "2019.09.30"]
[SourceQuality "1"]
[WhiteTeam "Kalite Dernegi"]
[BlackTeam "Tusas Dernegi"]
[WhiteTeamCountry "TUR"]
[BlackTeamCountry "TUR"]

1. d4 Nf6 2. c4 c5 3. Nf3 cxd4 4. Nxd4 e6 5. g3 Bc5 6. Bg2 Nc6 7. e3 0-0 8. 0-0 a6 9. b3 d5 10. cxd5 Nxd5 11. Nxc6 bxc6 12. Bb2 Qb6 13. Na3 Rd8 14. Nc4 Qc7 15. Qc2 Nb4 16. Qc3 f6 17. a3 Nd5 18. Qc2 Be7 19. Rfd1 Bd7 20. e4 Nb6 21. Nxb6 Qxb6 22. e5 Rac8 23. exf6 gxf6 24. Bh3 c5 25. Qc4 Kf7 26. Re1 Rc6 27. Rad1 Bc8 28. Rxd8 Qxd8 29. Qe4 Qd2 30. Bc1 Qc3 31. Qxh7+ Ke8 32. Qg8+ Bf8 33. Qg6+ Ke7 34. Qh7+ Ke8 35. Qe4 Rd6 36. Bf4 Rb6 37. Bc7 Rxb3 38. Bxe6 Qd3 39. Qc6+ Ke7 40. Bxb3+ 1-0

[Event "TUR-chT Clubs"]
[Site "Konya"]
[Date "2019.07.17"]
[Round "2.11"]
[White "Efendioglu, Ahmet"]
[Black "Yilmaz, Kayra"]
[Result "0-1"]
[WhiteElo "1511"]
[BlackElo "1512"]
[PlyCount "82"]
[EventDate "2019.07.16"]
[EventType "team-swiss"]
[EventRounds "9"]
[EventCountry "TUR"]
[SourceTitle "CBM 191 Extra"]
[Source "ChessBase"]
[SourceDate "2019.09.30"]
[SourceVersion "1"]
[SourceVersionDate "2019.09.30"]
[SourceQuality "1"]
[WhiteTeam "Kalite Dernegi"]
[BlackTeam "Busan Genclik"]
[WhiteTeamCountry "TUR"]
[BlackTeamCountry "TUR"]

1. d4 Nf6 2. c4 g6 3. Nc3 Bg7 4. e4 d6 5. f3 0-0 6. Be3 Nbd7 7. Bd3 e5 8. d5 Nh5 9. Nge2 f5 10. exf5 gxf5 11. Ng3 Nf4 12. Bxf4 exf4 13. Nge2 Qh4+ 14. Kd2 Ne5 15. Kc2 c6 16. g3 Qf6 17. Nxf4 Bd7 18. Rc1 b5 19. cxb5 cxb5 20. Nh5 Qf7 21. Nxg7 Qxg7 22. f4 Ng4 23. Qd2 b4 24. Nd1 Qd4 25. Kb1 Bb5 26. h3 Qxd3+ 27. Qxd3 Bxd3+ 28. Ka1 Rac8 29. Rc6 Nf6 30. Nf2 Rxc6 31. dxc6 Be4 32. Nxe4 Nxe4 33. Rc1 Rc8 34. g4 Nf2 35. gxf5 Nxh3 36. c7 Nxf4 37. Rc6 Nd5 38. Rxd6 Rxc7 39. a3 b3 40. Kb1 Nf4 41. Rd8+ Kf7 0-1

[Event "TUR-chT Clubs"]
[Site "Konya"]
[Date "2019.07.16"]
[Round "1.12"]
[White "Efendioglu, Ahmet"]
[Black "Bilir, Cemal Arda"]
[Result "1-0"]
[WhiteElo "1511"]
[BlackElo "1302"]
[PlyCount "47"]
[EventDate "2019.07.16"]
[EventType "team-swiss"]
[EventRounds "9"]
[EventCountry "TUR"]
[SourceTitle "CBM 191 Extra"]
[Source "ChessBase"]
[SourceDate "2019.09.30"]
[SourceVersion "1"]
[SourceVersionDate "2019.09.30"]
[SourceQuality "1"]
[WhiteTeam "Kalite Dernegi"]
[BlackTeam "Altin Cocuklar"]
[WhiteTeamCountry "TUR"]
[BlackTeamCountry "TUR"]

1. d4 Nf6 2. c4 e6 3. g3 Bb4+ 4. Bd2 Bxd2+ 5. Nxd2 d5 6. Bg2 0-0 7. Ngf3 c6 8. 0-0 Nbd7 9. e3 Re8 10. Rc1 Qc7 11. Qb3 Qb6 12. Qc3 Nf8 13. Ne5 Ng6 14. Nd3 Nd7 15. e4 Nf6 16. e5 Nd7 17. c5 Qc7 18. f4 f6 19. f5 Ngf8 20. g4 Kh8 21. g5 Kg8 22. h4 Kh8 23. Kf2 Kg8 24. h5 1-0